Ordenación y transformaciones urbanas del casco antiguo madrileño durante los siglos XIX y XX / (Record no. 136099)

MARC details
000 -LEADER
campo de control de longitud fija 00838nam a2200217 4500
001 - NÚMERO DE CONTROL
campo de control 136099
003 - IDENTIFICADOR DE NÚMERO DE CONTROL
campo de control ES-MaACL
005 - FECHA Y HORA DE LA ÚLTIMA TRANSACCIÓN
campo de control 20250806062542.0
007 - CAMPO FIJO DE DESCRIPCIÓN FÍSICA--INFORMACIÓN GENERAL
campo de control de longitud fija t|
008 - DATOS DE LONGITUD FIJA--INFORMACIÓN GENERAL
campo de control de longitud fija 070214s1976 sp r ||||1| spa d
100 1# - ENTRADA PRINCIPAL--NOMBRE DE PERSONA
Nombre de persona Ruiz Palomeque, Eulalia.
9 (RLIN) 100894
245 10 - MENCIÓN DEL TÍTULO
Título Ordenación y transformaciones urbanas del casco antiguo madrileño durante los siglos XIX y XX /
Mención de responsabilidad, etc. Eulalia Ruiz Palomeque ; prólogo de Manuel Terán.
260 ## - PUBLICACIÓN, DISTRIBUCIÓN, ETC.
Lugar de publicación, distribución, etc. Madrid :
Nombre del editor, distribuidor, etc. Instituto de Estudios Madrileños,
Fecha de publicación, distribución, etc. 1976.
300 ## - DESCRIPCIÓN FÍSICA
Extensión 681 p. ;
Dimensiones 24 cm +
Material acompañante/anejo 153 plan., 10 plan. pleg.
490 1# - MENCIÓN DE SERIE
Mención de serie Biblioteca de estudios madrileños ;
Designación de volumen o secuencia 19
700 1# - ENTRADA AGREGADA--NOMBRE PERSONAL
Nombre de persona Terán, Manuel de.
9 (RLIN) 109726
710 2# - ENTRADA AGREGADA--NOMBRE DE ENTIDAD CORPORATIVA
Nombre de entidad corporativa o nombre de jurisdicción como elemento de entrada Instituto de Estudios Madrileños
9 (RLIN) 4916
830 0# - PUNTO DE ACCESO ADICIONAL DE SERIE-TÍTULO UNIFORME
Título uniforme Biblioteca de estudios madrileños ;
Designación de volumen o secuencia 19
9 (RLIN) 185680
852 ## - LOCALIZACIÓN
Ubicación ES-MaACL
Número de control de estantería A-6269
Sublocalización o colección R.95223
Holdings
Estatus retirado Estado de pérdida Estado de daño No para préstamo Biblioteca de origen Biblioteca actual Ubicación en estantería Fecha de adquisición Fuente de adquisición Total de préstamos Signatura topográfica completa Código de barras Visto por última vez Precio de reemplazo Tipo de ítem Koha
        Biblioteca del Ateneo de Madrid Biblioteca del Ateneo de Madrid Sala Pecera Planta 1 17/01/2008     A-6269 1141646 23/02/2023 23/02/2023 Libro impreso